=LDR 00000nam 2200000 4500 =001 INLIS000000000042847 =005 20131008015647 =008 ***********************************Ind** =035 ##$$0010-101300000000769 =041 ##$$a Ind =082 ##$$a 610.212 =090 ##$$a 610.212, Moc s =100 ##$$a Moch Imron TA =245 ##$$a Moch Imron TA =260 ##$$a 2011 $b Jakarta =300 ##$$a xvi, 244 hlm., ilus, 24 cm =650 ##$$a Statistik Kedokteran =850 ##$$a NBPNMAT